000 00357nam a2200169Ia 4500
001 003803
003 YMCAF
005 20230512160234.0
008 100717s9999 ||||||||||||||||| ||und|d
024 _a3803
035 _a3808
040 _aYMCAF
_beng
_cIN-KoLT
041 _aeng
100 _aKapoor
245 0 _aModel qus paper on inus
942 _2ddc
_cBK
999 _c3010
_d3010